Computer essentials / (Record no. 16448)

000 -LEADER
fixed length control field 00425cam a2200169 a 4500
020 ## - INTERNATIONAL STANDARD BOOK NUMBER
ISBN 0256191492
040 ## - CATALOGING SOURCE
Transcribing agency DLC
082 00 - DEWEY DECIMAL CLASSIFICATION NUMBER
Classification number 004 LRW 1996 A003 Or.
100 1# - MAIN ENTRY--AUTHOR NAME
Personal name Clifford, Sarah Hutchinson.
245 10 - TITLE STATEMENT
Title Computer essentials /
250 ## - EDITION STATEMENT
Edition statement 2nd ed.
260 ## - PUBLICATION, DISTRIBUTION, ETC. (IMPRINT)
Place of publication Chicago :
Name of publisher Irwin,
Year of publication c1996.
300 ## - PHYSICAL DESCRIPTION
Number of Pages xiv, 295, [31] p. :
Other physical details col. ill. ;
Dimensions 28 cm.
650 00 - SUBJECT ADDED ENTRY--TOPICAL TERM
Topical Term Computers.
700 1# - ADDED ENTRY--PERSONAL NAME
Personal name Sawyer, Stacey C.
942 ## - ADDED ENTRY ELEMENTS (KOHA)
Koha item type សៀវភៅភាសាអង់គ្លេស
952 ## - LOCATION AND ITEM INFORMATION (KOHA)
Withdrawn status [LOCAL, KOHA] 0
Holdings
Permanent Location Date acquired Koha item type Lost status Shelving location Barcode Current Location Full call number
Library Block A2018-02-21សៀវភៅភាសាអង់គ្លេស A003A19143Library Block A004 LRW 1996 A003 Or.
មជ្ឈមណ្ឌលឯការនៃសាកលវិទ្យាល័យភូមិន្ទកសិកម្មចំការដូង

Powered by Koha